000 00399nam a22001577a 4500
005 20170401140756.0
008 170401b xxu||||| |||| 00| 0 eng d
020 _a978-81-7754-006-2
041 _aeng
100 _aPATHAK,YADAV AND GAUR
_93765
245 _aMUSHROOM PRODUCTION AND PROCESSING TECHNOLOGY
260 _bAGROBIOS
_c2013
300 _a178
650 _aAGRICULTURE
_92837
942 _cBK
999 _c5377
_d5375